| 000 | 00841nam a22002657a 4500 | ||
|---|---|---|---|
| 999 |
_c20162 _d20162 |
||
| 003 | AR-CdUCM | ||
| 008 | 190527b ||||| |||| 00| 0 spa d | ||
| 040 |
_aMUNICIPALIDAD PROVINCIAL DEL CUSCO _cBIBLIOTECA MUNICIPAL DEL CUSCO |
||
| 041 | _heng | ||
| 082 |
_a382 / _bS83 |
||
| 100 |
_aStrachey, John _941173 |
||
| 245 | _aEl fin del imperio / | ||
| 260 |
_aMéxico : _bFondo de Cultura Económica, _c1962. |
||
| 300 |
_a406 páginas _c21 cm. |
||
| 505 | _aContenido: Imperio -- En lugar del imperio -- hacia una teoría del imperialismo... | ||
| 650 |
_aImperialismo _93454 |
||
| 650 |
_aInglaterra _91396 |
||
| 650 |
_aHistoria _9136 |
||
| 650 |
_aColonias _914650 |
||
| 650 |
_aIndia _92692 |
||
| 650 |
_aPolítica _9291 |
||
| 700 |
_aGonzález Aramburo, Francisco (traductor) _912975 |
||
| 942 |
_2ddc _cLIBROS |
||
| 945 | _aJavier | ||